00783nam a22002417a 4500003000400000005001700004008004100021020001600062020001600078040001800094050002300112100004100135245010200176260003300278300004100311336002200352337002400374338002400398500006800422650001500490650001500505700002100520OSt20260530113910.0260421b2006 ag |||| |||| 00| 0 spa d a9871283350  a8493543217  aICIbspacICI aQH 303bW5518.2006 aWilson, Edward Osborned1929-eautor aLa creación :bsalvemos la vida en la tierra /cEdward O. Wilson ; traducido por Elena Marengo. aBuenos Aires :bKatz,c2006. a252 paginas bilustraciones c18 cm. 2rdacontentatexto 2rdamediaasin medio 2rdacarrieravolumen aTraducción de: The creation. an appeal to save life on Earth. aBiología aCreación aMarengo, Elena C